000 00726nam a2200241 a 4500
008
020 _a0867200510 (hbk.)
049 _aMAIN
090 _aQH506
_bFRE
100 1 _aFreifelder, David.
245 1 0 _aEssentials of molecular biology /
_cDavid Freifelder.
260 _aBoston :
_bJones and Bartlett Publishers,
_c1985.
300 _axiii, 329 p. :
_bill. (some col.) ;
_c25 cm.
440 4 _aThe Jones and Bartlett series in biology.
500 _aIncludes index.
650 0 _aMolecular biology.
700 1 _aFreifelder, David.
907 _a.b10014044
_b16-08-11
_c17-04-03
003
005 20230123133926.0
040 _cNUST
942 _cBOOKS
_kQH506
_mFRE
999 _c156995
_d156995